[Event "BL 8182 Markth'feld-Bochum"]
[Site "?"]
[Date "1982.??.??"]
[Round "?.2"]
[White "Bartsch, B."]
[Black "Borik, O."]
[Result "0-1"]
[WhiteElo "2265"]
[BlackElo "2410"]
[PlyCount "66"]
[EventDate "1982.??.??"]

1. e4 c5 2. Nc3 e6 3. g3 d5 4. Bg2 Nf6 5. d3 Nc6 6. Nh3 d4 7. Ne2 e5 8. O-O h6
9. f4 g5 10. fxg5 Ng4 11. c3 Be6 12. Rf3 Qd7 13. gxh6 O-O-O 14. Ng5 Bxh6 15.
Nxe6 Qxe6 16. cxd4 Bxc1 17. Qxc1 cxd4 18. h4 Ne3 19. Kh2 Kb8 20. Bh3 Qg6 21.
Qc5 Qh5 22. Ng1 Ng4+ 23. Kh1 Qg6 24. Raf1 Ne3 25. R1f2 Rdg8 26. Ne2 Ng4 27. Rf1
Qe6 28. Bxg4 Qxg4 29. Qd6+ Ka8 30. Rxf7 Qxh4+ 31. Kg2 Qh2+ 32. Kf3 Qh5+ 33. Kf2
Qxf7+ 0-1

[Event "BL 8182 Markth'feld-Bochum"]
[Site "?"]
[Date "1982.??.??"]
[Round "?.3"]
[White "Budde, V."]
[Black "Riefner, E."]
[Result "1/2-1/2"]
[WhiteElo "2355"]
[BlackElo "2245"]
[PlyCount "93"]
[EventDate "1982.??.??"]

1. d4 Nf6 2. c4 g6 3. Nf3 Bg7 4. g3 O-O 5. Bg2 c6 6. O-O d5 7. cxd5 cxd5 8. Ne5
e6 9. Nc3 Nfd7 10. f4 f6 11. Nf3 f5 12. Be3 Nf6 13. Ne5 Bd7 14. Qb3 Qc7 15.
Rac1 Nc6 16. h3 Rac8 17. Bf3 Be8 18. Qa3 Ne4 19. Nxe4 dxe4 20. Bg2 Qb8 21. Qb3
Nxe5 22. dxe5 Bf7 23. Bd4 Rfd8 24. e3 Bf8 25. Rfe1 b5 26. Bf1 a6 27. a4 bxa4
28. Qxa4 Bb4 29. Red1 a5 30. Rc4 Be8 31. Qa2 Kf7 32. Rdc1 Qb7 33. Qb3 Rxc4 34.
Qxc4 Bd7 35. Qa6 Qxa6 36. Bxa6 Ba4 37. Rc7+ Rd7 38. Rc8 Bb3 39. Kf2 Bd5 40. Bb5
Rb7 41. Bc6 Bxc6 42. Rxc6 Ke7 43. Ke2 Kd7 44. Ra6 Rc7 45. Kd1 Rc6 46. Ra7+ Rc7
47. Ra6 1/2-1/2

[Event "BL 8182 Markth'feld-Bochum"]
[Site "?"]
[Date "1982.??.??"]
[Round "?.4"]
[White "Meinberger, L."]
[Black "Paulsen, D."]
[Result "0-1"]
[WhiteElo "2240"]
[BlackElo "2290"]
[PlyCount "84"]
[EventDate "1982.??.??"]

1. c4 g6 2. Nc3 Bg7 3. g3 e5 4. Bg2 Nc6 5. Rb1 f5 6. d3 d6 7. e3 Nf6 8. Nge2
O-O 9. O-O g5 10. f4 gxf4 11. exf4 a5 12. a3 Kh8 13. b4 axb4 14. axb4 Re8 15.
h3 e4 16. dxe4 Nxe4 17. Bb2 Nxc3 18. Bxc3 Qe7 19. Re1 Bd7 20. Qd2 Qe3+ 21. Qxe3
Rxe3 22. Bxg7+ Kxg7 23. Kf2 Raa3 24. c5 Red3 25. cxd6 cxd6 26. Nc1 Rd2+ 27. Re2
Rxe2+ 28. Nxe2 Kf6 29. Bf3 Ra2 30. Ke3 Ra4 31. Nc3 Ra3 32. Kd2 Be6 33. g4 h6
34. b5 Na5 35. b6 Nb3+ 36. Kd3 Nc5+ 37. Kd4 Bb3 38. gxf5 Kxf5 39. Bg4+ Kxf4 40.
Rf1+ Kg5 41. Rf5+ Kg6 42. Nd5 Ne6+ 0-1

[Event "BL 8182 Solingen-Markth'feld"]
[Site "?"]
[Date "1982.??.??"]
[Round "?.1"]
[White "Goehring, K."]
[Black "Hecht, H."]
[Result "1/2-1/2"]
[WhiteElo "2320"]
[BlackElo "2460"]
[PlyCount "38"]
[EventDate "1982.??.??"]

1. d4 e6 2. c4 Bb4+ 3. Bd2 Qe7 4. Nf3 Nf6 5. Qc2 Bxd2+ 6. Nbxd2 d6 7. g3 e5 8.
dxe5 dxe5 9. Qc3 Nc6 10. Bg2 O-O 11. O-O Re8 12. Rfd1 e4 13. Nd4 Nxd4 14. Qxd4
Bg4 15. Qe3 Qe6 16. b3 a5 17. Nb1 Bh3 18. Qf4 Bxg2 19. Kxg2 a4 1/2-1/2

[Event "BL 8182 Solingen-Markth'feld"]
[Site "?"]
[Date "1982.??.??"]
[Round "?.2"]
[White "Lau, R."]
[Black "Bartsch, B."]
[Result "1/2-1/2"]
[WhiteElo "2405"]
[BlackElo "2265"]
[PlyCount "49"]
[EventDate "1982.??.??"]

1. d4 Nf6 2. c4 e6 3. Nf3 d5 4. Nc3 Nbd7 5. cxd5 exd5 6. Bg5 Be7 7. e3 c6 8.
Qc2 Ne4 9. Nxe4 dxe4 10. Qxe4 Qa5+ 11. Kd1 Nf6 12. Bxf6 gxf6 13. Qc2 Bg4 14.
Bd3 f5 15. Ke2 O-O-O 16. h3 Bxf3+ 17. gxf3 f4 18. Bxh7 Kb8 19. b4 Bxb4 20. Be4
Rhe8 21. a3 Bf8 22. Rab1 Re6 23. Rhd1 fxe3 24. fxe3 Qa6+ 25. Kf2 {.../34/}
1/2-1/2

[Event "BL 8182 Solingen-Markth'feld"]
[Site "?"]
[Date "1982.??.??"]
[Round "?.3"]
[White "Riefner, E."]
[Black "Dueball, J."]
[Result "0-1"]
[WhiteElo "2245"]
[BlackElo "2455"]
[PlyCount "74"]
[EventDate "1982.??.??"]

1. e4 c5 2. Nf3 d6 3. d4 cxd4 4. Nxd4 Nf6 5. Nc3 a6 6. Bc4 e6 7. Bb3 b5 8. a3
Be7 9. O-O O-O 10. Be3 Bb7 11. f3 Nc6 12. Nxc6 Bxc6 13. Qe2 Qc7 14. Rfd1 Nd7
15. Bf4 Ne5 16. a4 b4 17. Bxe5 dxe5 18. Nb1 Bc5+ 19. Kh1 Bd4 20. c3 bxc3 21.
Nxc3 Qa5 22. Rdc1 Rfc8 23. Bc4 Bb7 24. Qd3 Rd8 25. Qc2 Rac8 26. Qe2 Rd6 27.
Rab1 Rdc6 28. Bd3 g6 29. h3 Qb4 30. Bc2 Qe7 31. Na2 Qg5 32. Nc3 Bxc3 33. bxc3
Rxc3 34. Qd1 R8c7 35. Rb2 a5 36. Rbb1 Kg7 37. Rxb7 Rxc2 0-1

[Event "BL 8182 Solingen-Markth'feld"]
[Site "?"]
[Date "1982.??.??"]
[Round "?.4"]
[White "Lehmann, H."]
[Black "Meinberger, L."]
[Result "1/2-1/2"]
[WhiteElo "2335"]
[BlackElo "2240"]
[PlyCount "105"]
[EventDate "1982.??.??"]

1. d4 Nf6 2. c4 e6 3. Nf3 b6 4. e3 Bb7 5. Bd3 Be7 6. O-O O-O 7. Nc3 d5 8. Qe2
c5 9. Rd1 cxd4 10. exd4 Nc6 11. cxd5 exd5 12. Ba6 Bxa6 13. Qxa6 Ne4 14. Bd2 Bf6
15. Be1 Nxc3 16. Bxc3 Qd6 17. Qd3 Rfe8 18. Re1 Rac8 19. Kf1 g6 20. g3 Qb8 21.
Kg2 Rxe1 22. Rxe1 Re8 23. Qb5 Rxe1 24. Nxe1 Qd6 25. Nc2 Qe6 26. f3 h5 27. Qd3
Bg7 28. Bd2 Ne7 29. Be3 Nf5 30. Bf2 Qc6 31. b3 Bf8 32. h3 b5 33. g4 hxg4 34.
hxg4 Ng7 35. Qd2 Ne6 36. Ne1 Bg7 37. Kf1 a6 38. Nc2 Bf8 39. Bg3 Bd6 40. Bxd6
Qxd6 41. Ke1 Kg7 42. Qe3 Kf6 43. Kd2 Ke7 44. Kc3 Qc6+ 45. Kb2 Qd6 46. Kc3 Qc6+
47. Kd3 Qd6 48. Qe5 f6 49. Qxd6+ Kxd6 50. Ke3 g5 51. Nb4 a5 52. Nd3 b4 53. f4
1/2-1/2

[Event "BL 8182 Solingen-Markth'feld"]
[Site "?"]
[Date "1982.??.??"]
[Round "?.6"]
[White "Borngaesser, R."]
[Black "Oechslein, R."]
[Result "1-0"]
[WhiteElo "2320"]
[BlackElo "2205"]
[PlyCount "65"]
[EventDate "1982.??.??"]

1. e4 c5 2. Nf3 e6 3. d4 cxd4 4. Nxd4 Nf6 5. Nc3 Nc6 6. Ndb5 d6 7. Bf4 e5 8.
Bg5 a6 9. Bxf6 gxf6 10. Na3 Be6 11. Nc4 Rc8 12. Ne3 Bh6 13. Bd3 Bxe3 14. fxe3
Qb6 15. Qc1 Nb4 16. O-O Ke7 17. a3 Nxd3 18. cxd3 Rhg8 19. Rf2 Qb3 20. Qd2 a5
21. a4 d5 22. exd5 Bxd5 23. Ra3 Rxc3 24. Rxb3 Rxb3 25. e4 Bc6 26. d4 Rb4 27. d5
Bxa4 28. d6+ Ke8 29. Qd5 Rg6 30. Qxa5 Rc4 31. Qa8+ Kd7 32. Qxb7+ Kxd6 33. Qd5+
1-0

[Event "BL 8182 Bochum-Erlangen"]
[Site "?"]
[Date "1982.??.??"]
[Round "?.1"]
[White "Feustel, B."]
[Black "Schussler, H."]
[Result "1/2-1/2"]
[WhiteElo "2375"]
[BlackElo "2495"]
[PlyCount "105"]
[EventDate "1982.??.??"]

1. g3 Nf6 2. Bg2 d5 3. d3 e5 4. Nd2 Be7 5. e3 O-O 6. Ne2 c5 7. O-O Nc6 8. h3
Be6 9. b3 Qd7 10. Kh2 Qc7 11. Bb2 Rad8 12. Qe1 Nb4 13. Qb1 d4 14. a3 Nc6 15. e4
Nd7 16. f4 f6 17. f5 Bf7 18. c4 dxc3 19. Nxc3 Nd4 20. a4 Nxb3 21. Nxb3 Bxb3 22.
Nb5 Qb8 23. Bxe5 Nxe5 24. Qxb3+ Rf7 25. Rad1 Rxd3 26. Qe6 a6 27. Rxd3 Nxd3 28.
Rd1 c4 29. Nc3 Qe5 30. Nd5 Bd6 31. Nf4 Nxf4 32. gxf4 Qxe6 33. fxe6 Bxf4+ 34.
Kh1 Rf8 35. e5 Re8 36. Bd5 Kf8 37. exf6 gxf6 38. Bxc4 Rc8 39. Be2 Rc1 40. Kg2
Rxd1 41. Bxd1 Ke7 42. Bb3 b5 43. axb5 axb5 44. Kf3 Bc7 45. Ke4 Kd6 46. h4 Bd8
47. h5 Kc5 48. Ba2 Be7 49. Bb1 Kd6 50. Ba2 Kc5 51. Bb1 Bd8 52. Kf4 Kd5 53. Bxh7
1/2-1/2

[Event "BL 8182 Bochum-Erlangen"]
[Site "?"]
[Date "1982.??.??"]
[Round "?.2"]
[White "Borik, O."]
[Black "Heidrich, M."]
[Result "1/2-1/2"]
[WhiteElo "2410"]
[BlackElo "2225"]
[PlyCount "44"]
[EventDate "1982.??.??"]

1. d4 d5 2. Nf3 Nf6 3. c4 c6 4. e3 Bf5 5. Bd3 Bxd3 6. Qxd3 e6 7. O-O Nbd7 8.
Nc3 Bd6 9. e4 dxe4 10. Nxe4 Nxe4 11. Qxe4 O-O 12. Rd1 Nf6 13. Qe2 Qc7 14. Bg5
Be7 15. Ne5 Rad8 16. Rd3 Rfe8 17. Rad1 Nd7 18. Bf4 Nxe5 19. Bxe5 Bd6 20. g3 Rd7
21. Bxd6 Rxd6 22. Qe3 Red8 1/2-1/2

[Event "BL 8182 Bochum-Erlangen"]
[Site "?"]
[Date "1982.??.??"]
[Round "?.3"]
[White "Roeder, F."]
[Black "Budde, V."]
[Result "1/2-1/2"]
[WhiteElo "2275"]
[BlackElo "2355"]
[PlyCount "84"]
[EventDate "1982.??.??"]

1. e4 c5 2. d4 cxd4 3. c3 Nf6 4. e5 Nd5 5. Qxd4 e6 6. Bd3 Nc6 7. Qe4 Nde7 8.
Bf4 Ng6 9. Bg3 d6 10. exd6 f5 11. Qe2 e5 12. h4 Bxd6 13. h5 Nge7 14. Bc4 e4 15.
Bxd6 Qxd6 16. Na3 a6 17. Nh3 h6 18. Rd1 Qc7 19. Qd2 Ne5 20. Qd6 Qxd6 21. Rxd6
b5 22. Be2 Nf7 23. Rd2 Be6 24. c4 Bxc4 25. Bxc4 bxc4 26. Nxc4 Rc8 27. b3 g5 28.
hxg6 Nxg6 29. Rd5 Ne7 30. Ra5 Rc6 31. Nf4 Nd6 32. Nxd6+ Rxd6 33. Ke2 Rf8 34.
Rd1 Rxd1 35. Kxd1 Rf6 36. Kd2 Kd7 37. Ke3 Rd6 38. Ra4 Kc7 39. g3 Kb6 40. Rd4
Kc6 41. Rc4+ Kb6 42. Rd4 Kc6 1/2-1/2

[Event "BL 8182 Düsseldorf-FH Hamburg"]
[Site "?"]
[Date "1982.??.??"]
[Round "?.1"]
[White "Wockenfuss, K."]
[Black "Backwinkel, P."]
[Result "1/2-1/2"]
[WhiteElo "2380"]
[BlackElo "2275"]
[PlyCount "33"]
[EventDate "1982.??.??"]

1. g3 g6 2. Bg2 Bg7 3. d4 d6 4. e4 Nf6 5. Nc3 O-O 6. Nge2 e5 7. O-O Nbd7 8. h3
exd4 9. Nxd4 Re8 10. Re1 Nc5 11. Nb3 Nfd7 12. Nxc5 Nxc5 13. Be3 Bd7 14. Bd4 Bc6
15. Bxg7 Kxg7 16. b4 Na4 17. Nd5 1/2-1/2

[Event "BL 8182 Düsseldorf-FH Hamburg"]
[Site "?"]
[Date "1982.??.??"]
[Round "?.2"]
[White "Vetter, H."]
[Black "Fries Nielsen, J."]
[Result "0-1"]
[WhiteElo "2250"]
[BlackElo "2350"]
[PlyCount "64"]
[EventDate "1982.??.??"]

1. e4 g6 2. d4 Bg7 3. c4 d6 4. Nc3 c6 5. Nf3 a6 6. a4 a5 7. Be2 Nh6 8. Bg5 f6
9. Bf4 Nf7 10. Qb3 Na6 11. Rd1 O-O 12. O-O e5 13. Be3 Qe7 14. dxe5 fxe5 15. Qb6
Nc5 16. Bxc5 dxc5 17. Rd3 Nd8 18. Bd1 Ne6 19. Ne2 Ra6 20. Qb3 Qc7 21. Qc3 Re8
22. Qd2 Qe7 23. Bc2 Ra7 24. Rd1 b6 25. Qc3 Nd4 26. Nfxd4 cxd4 27. Qa3 Bg4 28.
Qxe7 Raxe7 29. Kf1 Be6 30. b3 Rf7 31. Nc1 Bh6 32. Ke2 b5 0-1

[Event "BL 8182 Düsseldorf-FH Hamburg"]
[Site "?"]
[Date "1982.??.??"]
[Round "?.4"]
[White "Schiffer, K."]
[Black "Rosin, W."]
[Result "1-0"]
[WhiteElo "2365"]
[BlackElo "2265"]
[PlyCount "127"]
[EventDate "1982.??.??"]

1. d4 Nf6 2. c4 e6 3. Bg5 c5 4. d5 exd5 5. cxd5 Qa5+ 6. Nc3 Ne4 7. Bd2 Nxd2 8.
Qxd2 d6 9. g3 Be7 10. Bg2 O-O 11. Nf3 b5 12. O-O b4 13. Ne4 Bf5 14. Qf4 Bxe4
15. Qxe4 Bf6 16. Nd2 Nd7 17. Qc2 Qb5 18. Nc4 Qb8 19. Na5 Qb6 20. Nc6 Ne5 21. h3
a5 22. Rab1 a4 23. Qf5 Nxc6 24. dxc6 Be5 25. Bd5 g6 26. Qg4 Kg7 27. e3 f5 28.
Qf3 a3 29. b3 Rac8 30. Rbc1 Qc7 31. Rc4 Rce8 32. h4 Bb2 33. Kg2 Bf6 34. h5 Re5
35. Rh1 g5 36. h6+ Kh8 37. Qd1 Bd8 38. Qd3 Qe7 39. Rh3 Qe8 40. g4 Qg6 41. Rf3
Qxh6 42. gxf5 Qf6 43. e4 Re7 44. Rg3 Bc7 45. Rc2 Rg7 46. Qe2 Bd8 47. Qh5 Qe5
48. Qg4 Qa1 49. Rh3 Qf6 50. Rh5 Bb6 51. Be6 Ra8 52. Rd2 Bc7 53. Rd3 Ra6 54.
Rdh3 Bd8 55. Rh6 Qf8 56. f6 Bxf6 57. Qf5 Qe7 58. Rxh7+ Rxh7 59. Rxh7+ Qxh7 60.
Qxf6+ Qg7 61. Qd8+ Kh7 62. Bf5+ Kh6 63. Qxd6+ Kh5 64. Qh2# 1-0

[Event "BL 8182 Düsseldorf-FH Hamburg"]
[Site "?"]
[Date "1982.??.??"]
[Round "?.5"]
[White "Kordsachia, T."]
[Black "Schlaugat, M."]
[Result "1-0"]
[WhiteElo "2350"]
[BlackElo "2250"]
[PlyCount "69"]
[EventDate "1982.??.??"]

1. d4 d5 2. Nf3 Nf6 3. c4 e6 4. Nc3 Be7 5. Bg5 O-O 6. e3 c6 7. Bd3 Nbd7 8. O-O
h6 9. Bh4 dxc4 10. Bxc4 Nd5 11. Bxe7 Qxe7 12. Nxd5 exd5 13. Bd3 f5 14. Qc2 g6
15. a3 Rf6 16. b4 a6 17. Rfb1 Nf8 18. a4 Bd7 19. Qb3 Kg7 20. b5 axb5 21. axb5
Rxa1 22. Rxa1 cxb5 23. Qxd5 Bc6 24. Qe5 Qxe5 25. Nxe5 Nd7 26. Rb1 g5 27. Nxd7
Bxd7 28. Bxb5 Rb6 29. Bd3 Rxb1+ 30. Bxb1 Be6 31. f3 Kf6 32. Kf2 Bc4 33. g3 b6
34. Ke1 Ke6 35. Kd2 1-0

[Event "BL 8182 Porz-Delmenhorst"]
[Site "?"]
[Date "1982.??.??"]
[Round "?.1"]
[White "Juhnke, K."]
[Black "Hort, V."]
[Result "0-1"]
[WhiteElo "2320"]
[BlackElo "2595"]
[PlyCount "82"]
[EventDate "1982.??.??"]

1. d4 Nf6 2. c4 e6 3. Nc3 Bb4 4. e3 c5 5. Bd3 b6 6. Nf3 Bb7 7. O-O O-O 8. Na4
cxd4 9. exd4 Be7 10. Re1 d6 11. Nc3 Nbd7 12. Bf4 a6 13. Rc1 Re8 14. h3 Nf8 15.
d5 e5 16. Be3 N8d7 17. Bf1 h6 18. b4 Rc8 19. Qb3 Nh7 20. Bd3 Bf8 21. Bf5 Nhf6
22. h4 g6 23. Bh3 Rb8 24. Red1 Bc8 25. Qa4 Nh5 26. Bxd7 Bxd7 27. Qxa6 Bg4 28.
c5 bxc5 29. bxc5 e4 30. Nd4 Ra8 31. Qc4 Qxh4 32. Rd2 dxc5 33. Ndb5 Bg7 34. Nxe4
f5 35. d6+ Kh7 36. Bxc5 Rxe4 37. Rd4 Rae8 38. Rxe4 Rxe4 39. Qf7 Bf3 40. Qb3
Bxg2 41. Kxg2 Qg5+ 0-1

[Event "BL 8182 Porz-Delmenhorst"]
[Site "?"]
[Date "1982.??.??"]
[Round "?.3"]
[White "Meyer, CD."]
[Black "Reefschlaeger, H."]
[Result "1-0"]
[WhiteElo "2285"]
[BlackElo "2410"]
[PlyCount "100"]
[EventDate "1982.??.??"]

1. d4 Nf6 2. Nf3 g6 3. g3 Bg7 4. Bg2 O-O 5. O-O d6 6. Nc3 c6 7. a4 a5 8. e4 Bg4
9. h3 Bxf3 10. Qxf3 Nfd7 11. Rd1 Na6 12. Be3 Nb4 13. Qe2 e6 14. Nb1 d5 15. c3
Na6 16. Nd2 Qe7 17. Re1 Rfe8 18. Qf1 Qf8 19. Bf4 Bh6 20. Bxh6 Qxh6 21. Nf3 Nc7
22. Rad1 b5 23. exd5 exd5 24. axb5 cxb5 25. Ne5 Nb6 26. Nc6 Qf8 27. Rxe8 Qxe8
28. Ne5 b4 29. Re1 Qb5 30. c4 Nxc4 31. Nxc4 dxc4 32. Bxa8 Nxa8 33. Re5 Qa4 34.
Qxc4 Nb6 35. Qe2 Nd7 36. Re7 Qc6 37. Re8+ Kg7 38. Qe7 Qc1+ 39. Kg2 Qc6+ 40. Qe4
Qd6 41. Rd8 Qc7 42. Qe7 Qc6+ 43. Kg1 Qc1+ 44. Kg2 Qc6+ 45. Kh2 Qc2 46. Qe3 Nf6
47. Ra8 a4 48. Ra6 Ne4 49. Kg2 Qc4 50. Ra5 a3 1-0

[Event "BL 8182 Porz-Delmenhorst"]
[Site "?"]
[Date "1982.??.??"]
[Round "?.4"]
[White "Schmidt, B."]
[Black "Franke, R."]
[Result "0-1"]
[WhiteElo "2360"]
[BlackElo "2290"]
[PlyCount "90"]
[EventDate "1982.??.??"]

1. b3 Nf6 2. Bb2 g6 3. Nf3 Bg7 4. e3 O-O 5. Be2 c5 6. O-O b6 7. d4 Bb7 8. c4 e6
9. dxc5 bxc5 10. Nc3 Qe7 11. Qd2 Rd8 12. Rfd1 d6 13. Ne1 Nc6 14. Bf3 Rab8 15.
Rac1 Ne8 16. Na4 Bxb2 17. Qxb2 Nf6 18. Rd2 Rd7 19. Rcd1 Rbd8 20. Nd3 g5 21. g3
e5 22. Nc1 e4 23. Bg2 Ne5 24. Qc2 Qe6 25. Nc3 Nf3+ 26. Bxf3 exf3 27. Qd3 d5 28.
Qf1 dxc4 29. Rxd7 Rxd7 30. Qxc4 Rxd1+ 31. Nxd1 Bd5 32. Qf1 Ne4 33. Kh1 c4 34.
Nb2 c3 35. Nbd3 Bb7 36. Qg1 Qd7 37. g4 Ba6 38. Ne5 Qd2 39. Nxf3 Bb7 40. Kg2 Nf6
41. Qf1 c2 42. h3 Qd1 43. Qe2 Qxc1 44. Qb5 Bxf3+ 45. Kxf3 Qd1+ 0-1

[Event "BL 8182 Porz-Delmenhorst"]
[Site "?"]
[Date "1982.??.??"]
[Round "?.7"]
[White "Hickl, T."]
[Black "Dankert, P."]
[Result "1-0"]
[WhiteElo "2235"]
[BlackElo "2380"]
[PlyCount "105"]
[EventDate "1982.??.??"]

1. Nf3 d5 2. c4 e6 3. e3 Nf6 4. b3 Bd6 5. Bb2 O-O 6. d4 b6 7. Bd3 Bb7 8. O-O
Nbd7 9. Ne5 Re8 10. f4 a6 11. Nd2 Ne4 12. Bxe4 dxe4 13. Qh5 g6 14. Qe2 Bf8 15.
Rad1 Bg7 16. Nb1 Nf8 17. Ng4 h5 18. Nf2 f5 19. Nh3 Nh7 20. Nc3 c6 21. Na4 a5
22. Rf2 Ba6 23. Qe1 b5 24. Nc5 a4 25. bxa4 bxc4 26. Qc3 Nf6 27. Qc1 Nd5 28. a3
Bf6 29. Rc2 Ra7 30. Kf2 Kf7 31. Nxa6 Rxa6 32. Rxc4 Qa8 33. Qc2 Rb8 34. Ng1 Rab6
35. Bc1 g5 36. Ne2 gxf4 37. Nxf4 Nxf4 38. exf4 Rg8 39. Be3 Qb7 40. Rb4 Rxb4 41.
axb4 Qxb4 42. Qxc6 Rd8 43. Qb5 Qd6 44. Qc4 Rb8 45. d5 Kg6 46. Rd2 Rb4 47. Qc8
exd5 48. Qg8+ Bg7 49. Rxd5 Rb2+ 50. Kg3 h4+ 51. Kh3 Qc6 52. Bd4 Rb7 53. Be5 1-0

[Event "BL 8182 Porz-Delmenhorst"]
[Site "?"]
[Date "1982.??.??"]
[Round "?.8"]
[White "Staller, P."]
[Black "Anbuhl, E."]
[Result "1-0"]
[WhiteElo "2360"]
[BlackElo "2225"]
[PlyCount "85"]
[EventDate "1982.??.??"]

1. Nf3 f5 2. d4 d6 3. b3 Nf6 4. Bb2 g6 5. g3 Bg7 6. Bg2 O-O 7. Nbd2 c6 8. O-O
a5 9. a3 Na6 10. Ne1 Nc7 11. Nd3 Bd7 12. e3 Kh8 13. Qe2 Ne6 14. c4 Ng5 15. f3
Qc7 16. c5 b6 17. Nc4 b5 18. Nb6 Ra7 19. b4 a4 20. Rad1 Be6 21. Rd2 Nd7 22. h4
Nf7 23. Nf4 Bb3 24. Nxd7 Qxd7 25. Re1 Bc4 26. Qd1 Kg8 27. Bf1 Bxf1 28. Rxf1 d5
29. Qa1 Qc8 30. Kg2 Re8 31. Nd3 e6 32. Re2 Rae7 33. e4 Qd7 34. e5 Ra8 35. Bc1
Bh6 36. g4 Bxc1 37. Qxc1 Nh8 38. gxf5 gxf5 39. Kh3 Rg7 40. Rg1 Ra7 41. Rxg7+
Kxg7 42. Qg5+ Kf8 43. Rg2 1-0

[Event "BL 8182 FH Hamburg-Porz"]
[Site "?"]
[Date "1982.??.??"]
[Round "?.2"]
[White "Fries Nielsen, J."]
[Black "Miles, A."]
[Result "1/2-1/2"]
[WhiteElo "2350"]
[BlackElo "2565"]
[PlyCount "80"]
[EventDate "1982.??.??"]

1. d4 Nf6 2. c4 e6 3. Nf3 Bb4+ 4. Bd2 Bxd2+ 5. Qxd2 b6 6. g3 Ba6 7. Qc2 Bb7 8.
Bg2 c5 9. O-O O-O 10. Rd1 cxd4 11. Nxd4 Bxg2 12. Kxg2 Qc7 13. Nd2 Rc8 14. Rac1
Qb7+ 15. e4 Nc6 16. Nxc6 Rxc6 17. Qd3 Rac8 18. Rc3 a6 19. f3 d6 20. Nf1 h6 21.
Ne3 b5 22. cxb5 Rxc3 23. bxc3 Qxb5 24. Qxb5 axb5 25. Rxd6 Rxc3 26. Rd8+ Kh7 27.
Kf2 Ra3 28. Rd2 g5 29. Rb2 Nd7 30. Nc2 Rc3 31. Ne1 g4 32. Rxb5 Nc5 33. Ra5 gxf3
34. Nxf3 Nxe4+ 35. Ke2 Kg7 36. Ra7 Kf6 37. Ra4 Nd6 38. Rf4+ Ke7 39. a4 Ra3 40.
Rb4 f6 1/2-1/2

[Event "BL 8182 FH Hamburg-Porz"]
[Site "?"]
[Date "1982.??.??"]
[Round "?.3"]
[White "Reefschlaeger, H."]
[Black "Cording, H."]
[Result "1/2-1/2"]
[WhiteElo "2410"]
[BlackElo "2320"]
[PlyCount "46"]
[EventDate "1982.??.??"]

1. d4 Nf6 2. c4 c5 3. d5 e5 4. Nc3 d6 5. e4 Be7 6. h3 Nbd7 7. g4 a6 8. Nf3 Nf8
9. g5 Ng8 10. Rg1 h6 11. h4 hxg5 12. hxg5 Ng6 13. Be3 Bh3 14. a3 Qd7 15. b4
Bxf1 16. Kxf1 b6 17. bxc5 bxc5 18. Rb1 Bd8 19. Qa4 N8e7 20. Rb7 Qxa4 21. Nxa4
Nc8 22. Ke2 Nf8 23. Rgb1 Nd7 1/2-1/2

[Event "BL 8182 FH Hamburg-Porz"]
[Site "?"]
[Date "1982.??.??"]
[Round "?.5"]
[White "Ostermeyer, P."]
[Black "Kordsachia, T."]
[Result "1/2-1/2"]
[WhiteElo "2415"]
[BlackElo "2350"]
[PlyCount "102"]
[EventDate "1982.??.??"]

1. d4 c6 2. c4 d5 3. Nf3 Nf6 4. Nc3 dxc4 5. a4 Bf5 6. e3 e6 7. Bxc4 Bb4 8. O-O
O-O 9. Qe2 Qa5 10. e4 Bg6 11. Ne5 Rd8 12. Nxg6 hxg6 13. Rd1 Nbd7 14. e5 Nh7 15.
Ne4 Nb6 16. Bb3 Nd5 17. Bd2 Bxd2 18. Rxd2 Qb4 19. Qc4 Nf8 20. a5 a6 21. Qxb4
Nxb4 22. Bc4 Nd5 23. Ra3 Ne7 24. g4 Rd7 25. Rb3 Rc7 26. Nd6 Ra7 27. Rc2 Nc8 28.
Ne4 Nd7 29. f4 Ne7 30. Kf2 Ra8 31. Kf3 c5 32. dxc5 Nc6 33. Ke3 Nxa5 34. Rbc3
Nc6 35. Rd2 Nb4 36. Bb3 a5 37. Rd4 Kf8 38. Kf2 Ke7 39. Kg3 Nb8 40. Rd6 N8a6 41.
h3 Rac8 42. Rb6 Rd8 43. Rd6 Nc6 44. Rcd3 Nab4 45. Rd1 Ra8 46. Ba4 Nd5 47. Rd3
Ncb4 48. Rf3 Rb8 49. f5 gxf5 50. gxf5 exf5 51. Rxf5 Ne3 1/2-1/2

[Event "BL 8182 FH Hamburg-Porz"]
[Site "?"]
[Date "1982.??.??"]
[Round "?.6"]
[White "Schmidt, Wo"]
[Black "Gerusel, M."]
[Result "0-1"]
[WhiteElo "2295"]
[BlackElo "2380"]
[PlyCount "82"]
[EventDate "1982.??.??"]

1. c4 g6 2. g3 Bg7 3. Bg2 e5 4. Nc3 Nc6 5. Rb1 d6 6. b4 Bf5 7. d3 Qd7 8. e3
Nge7 9. b5 Nd8 10. Nge2 Bh3 11. O-O h5 12. f3 Bxg2 13. Kxg2 Ne6 14. e4 c6 15.
h4 O-O 16. Qc2 Kh7 17. Nd1 f5 18. Bg5 Bf6 19. f4 Bxg5 20. fxg5 f4 21. Rf3 fxg3
22. Rxg3 Nf4+ 23. Kh2 Nxe2 24. Qxe2 Rf4 25. Ne3 Rxh4+ 26. Kg1 Rf4 27. Ng2 Rf7
28. Rf1 Raf8 29. Rgf3 Nc8 30. R1f2 Kg7 31. Qf1 Qe7 32. Rxf7+ Rxf7 33. Rxf7+
Qxf7 34. Qe2 Nb6 35. c5 dxc5 36. bxc6 bxc6 37. Qb2 Qe7 38. Qa3 Kf8 39. Kf2 c4
40. Qa6 Qc5+ 41. Ke2 cxd3+ 0-1

[Event "BL 8182 FH Hamburg-Porz"]
[Site "?"]
[Date "1982.??.??"]
[Round "?.8"]
[White "Heinicke, H."]
[Black "Staller, P."]
[Result "1/2-1/2"]
[WhiteElo "2365"]
[BlackElo "2360"]
[PlyCount "51"]
[EventDate "1982.??.??"]

1. Nf3 Nf6 2. c4 e6 3. g3 d5 4. Bg2 Be7 5. O-O O-O 6. d4 b6 7. Nc3 Bb7 8. Ne5
Na6 9. Be3 c5 10. Qa4 Qe8 11. Qxe8 Rfxe8 12. Rfd1 cxd4 13. Bxd4 Nc7 14. Rac1
Rac8 15. Nd3 Ba6 16. cxd5 Nfxd5 17. Nxd5 Nxd5 18. Bxd5 exd5 19. Nf4 Bg5 20.
Rxc8 Rxc8 21. Nd3 Be7 22. e3 Bd6 23. Rd2 f6 24. Kg2 Kf7 25. Kf3 Ke6 26. Nf4+
1/2-1/2

[Event "BL 8182 Delmenhorst-Düsseldorf"]
[Site "?"]
[Date "1982.??.??"]
[Round "?.1"]
[White "Backwinkel, P."]
[Black "Juhnke, K."]
[Result "1/2-1/2"]
[WhiteElo "2275"]
[BlackElo "2320"]
[PlyCount "50"]
[EventDate "1982.??.??"]

1. Nf3 c5 2. g3 g6 3. c4 Bg7 4. Bg2 Nc6 5. O-O e6 6. Nc3 Nge7 7. d3 O-O 8. Bf4
d5 9. Qc1 b6 10. Bh6 Bb7 11. Bxg7 Kxg7 12. a3 Qd7 13. cxd5 Nxd5 14. Nxd5 Qxd5
15. b4 cxb4 16. Qb2+ f6 17. axb4 Rf7 18. b5 Na5 19. Rac1 e5 20. Rc3 Rd8 21.
Rfc1 Rfd7 22. Bh3 Re7 23. Rc7 Rde8 24. Qb4 Kf7 25. Bg2 Qd8 1/2-1/2

[Event "BL 8182 Delmenhorst-Düsseldorf"]
[Site "?"]
[Date "1982.??.??"]
[Round "?.2"]
[White "Hermann, Man"]
[Black "Vetter, H."]
[Result "1-0"]
[WhiteElo "2380"]
[BlackElo "2250"]
[PlyCount "75"]
[EventDate "1982.??.??"]

1. e4 c5 2. c3 Nf6 3. e5 Nd5 4. d4 cxd4 5. cxd4 e6 6. Nf3 Be7 7. Bd3 b6 8. O-O
Ba6 9. Bxa6 Nxa6 10. a3 Nac7 11. Nbd2 O-O 12. Ne4 f5 13. exf6 Nxf6 14. Qd3 Nxe4
15. Qxe4 Nd5 16. Bd2 Bf6 17. Rac1 Qe7 18. Rfe1 Rac8 19. Qd3 Rxc1 20. Rxc1 Qf7
21. Bb4 Nxb4 22. axb4 Be7 23. Rc7 Bxb4 24. Rxa7 Rc8 25. g3 Qh5 26. Rxd7 Qh3 27.
Qf1 Qf5 28. Qa6 Rf8 29. Qb7 Qf6 30. Kg2 Kh8 31. Qe4 Be7 32. Rc7 Bd8 33. Rc6 Qf5
34. Rxe6 Qb5 35. Qc6 Qxb2 36. Re8 Qb4 37. Qd7 Bf6 38. Qf7 1-0

[Event "BL 8182 Delmenhorst-Düsseldorf"]
[Site "?"]
[Date "1982.??.??"]
[Round "?.4"]
[White "Franke, R."]
[Black "Schiffer, K."]
[Result "1-0"]
[WhiteElo "2290"]
[BlackElo "2365"]
[PlyCount "83"]
[EventDate "1982.??.??"]

1. c4 e5 2. g3 Nf6 3. Bg2 c6 4. e4 Be7 5. Nc3 O-O 6. Nge2 d6 7. O-O Be6 8. b3
Qc8 9. d4 Bh3 10. Bb2 Bxg2 11. Kxg2 Nbd7 12. h3 Re8 13. Re1 Bf8 14. Rc1 Qb8 15.
f3 a6 16. Qc2 b5 17. Nd1 Rc8 18. Nf2 Qb7 19. Nd3 Re8 20. c5 d5 21. dxe5 dxe4
22. fxe4 Nxe4 23. b4 a5 24. a3 axb4 25. axb4 g6 26. Nef4 Ng5 27. h4 Ne6 28.
Nxe6 fxe6 29. h5 Bh6 30. Ra1 Nf8 31. Nf2 Rxa1 32. Rxa1 Ra8 33. Rh1 Bg7 34. h6
Bh8 35. Qb3 Qf7 36. Ne4 Qf5 37. Nd6 Qg4 38. Rf1 Nd7 39. Rf4 Qe2+ 40. Rf2 Qg4
41. Rf5 Re8 42. Rf4 1-0